000 00350nam a22001697a 4500
003 UA-OsUOA
001 5194
007 ta
008 20050721b un ||||| |||| 00| 0 ukr d
100 _aButler
700 _aEugenia
942 _cBK
040 _aUA-OsUOA
_cUA-OsUOA
_dUA-OsUOA
245 _aCorrect Writing
_bWriting
955 _a2
650 7 _2UDC
999 _c291356
_d291356